Questions sur Les Flâneries - Statistiques

Statistiques générales
  • Ce quiz a été pris 4 fois
  • Le résultat moyen est 7 sur 11
Statistiques - réponses
Question Réponse % Correct
Quel magasin contient une couleur en anglais ? Black Store
100%
Quel est le grand magasin d'Électroménager ? Darty
100%
Cite moi un magasin qui commence par un F. Fnac
100%
Quel est le PREMIER magasin quand on entre dans l'entrée qui est à côté du terrain de jeu ? Bizzbee
67%
Quel est le magasin de baskets ? Courir
67%
Cite moi un magasin qui commence par K. Kiabi
67%
Quel magasin est le plus petit ? Micromania
67%
Quel est le magasin qui a fermé et qui a encore le logo ? Casa
33%
Comment s'appelle le centre de restauration ? Food-Court
33%
Quel est le magasin de "bricolage" ? Weldom
33%
Et pour finir, comment s'appelle le bar à glaces ? Yogurt Factory
33%
Aucun quiz correspondant
Distribution des résultats
% des personnes avec chaque résultat
Percentile par nombre de réponses
Votre historique - résultats
Vous n’avez pas pris ce quiz